Central Library OPAC University of Rajshahi

স্পেনের ছোট গল্প / (Record no. 41551)

MARC details
000 -LEADER
fixed length control field 00811nam a22002297a 4500
001 - CONTROL NUMBER
control field 41551
003 - CONTROL NUMBER IDENTIFIER
rucl marc code BD-RjUL
005 - DATE AND TIME OF LATEST TRANSACTION
control field 20211209053417.0
008 - FIXED-LENGTH DATA ELEMENTS--GENERAL INFORMATION
fixed length control field 160601s1965 bg ||||| |||| 00| 0 ben d
020 ## - INTERNATIONAL STANDARD BOOK NUMBER
International Standard Book Number : PRs 6.50
035 ## - SYSTEM CONTROL NUMBER
System control number (BD-RjUL)41669
040 ## - CATALOGING SOURCE
Original cataloging agency BD-RjUL
Language of cataloging ben
Transcribing agency BD-RjUL
041 ## - LANGUAGE CODE
Language code of text/sound track or separate title ben
082 ## - DEWEY DECIMAL CLASSIFICATION NUMBER
Edition number 23
Classification number 863
Author mark and year SPA 1965
245 00 - TITLE STATEMENT
Title স্পেনের ছোট গল্প /
Statement of responsibility, etc. শওকত ওসমান অনূদিত
260 ## - PUBLICATION, DISTRIBUTION, ETC. (IMPRINT)
Place of publication, distribution, etc. ঢাকা :
Name of publisher, distributor, etc. বাংলা একাডেমী,
Date of publication, distribution, etc. ১৯৬৫
300 ## - PHYSICAL DESCRIPTION
Pagination [১০], ৩১৫ পৃ. ;
Size ২১ সেমি.
650 ## - SUBJECT ADDED ENTRY--TOPICAL TERM
Topical term or geographic name as entry element স্পানিস উপন্যাস
9 (RLIN) 127675
Topical term or geographic name as entry element Spanish Fiction
9 (RLIN) 121903
700 ## - ADDED ENTRY--PERSONAL NAME
Personal name ওসমান, শওকত, অনূবাদ
942 ## - ADDED ENTRY ELEMENTS (KOHA)
Source of classification or shelving scheme Dewey Decimal Classification
Koha item type Books
Holdings
Lost status Source of classification or shelving scheme Damaged status Not for loan Collection code Permanent Location Current Location Shelving location Date acquired Source of acquisition Cost, normal purchase price Total Checkouts Full call number Date last seen Date checked out Copy number Koha item type
  Dewey Decimal Classification     Fiction Central Library, University of Rajshahi Central Library, University of Rajshahi   27/11/1966 Bangla Academy, Dhaka 6.25 1 B 863 SPA 1965 29/05/2025 26/05/2025 C-2 Books
  Dewey Decimal Classification     Fiction Central Library, University of Rajshahi Central Library, University of Rajshahi   27/11/1966 Bangla Academy, Dhaka 6.25   B 863 SPA 1965 20/09/2016   C-3 Books
  Dewey Decimal Classification     Fiction Central Library, University of Rajshahi Central Library, University of Rajshahi   20/07/1968 N/A 6.50   B 863 SPA 1965 28/11/2016   C-4 Books
  Dewey Decimal Classification   Not For Loan Fiction Central Library, University of Rajshahi Central Library, University of Rajshahi Reading Room 01/02/1967 Nowrose, Dhaka. 6.50   B 863 SPA 1965 27/02/2017   C-1 Books
  Dewey Decimal Classification     Non-fiction Central Library, University of Rajshahi Central Library, University of Rajshahi   27/12/1966 N/A 6.50   B 863 SPA 1965 29/04/2017   C-5 Books
  Dewey Decimal Classification     Non-fiction Central Library, University of Rajshahi Central Library, University of Rajshahi   01/02/1967 Nowrose, Dhaka. 6.50 1 B 863 SPA 1965 15/05/2018 23/04/2018 C-6 Books